000 00867nam a22002057a 4500
001 EIF-III-1998-M4-009
003 OSt
005 20221105215006.0
008 221105b |||||||| |||| 00| 0 eng d
040 _aFundación Jesús Pereda
_cFundación Jesús Pereda
041 _aCastellano
100 _uFundación Salvador Seguí-Valencia
_aMaestre Marin, Rafael
_9258
111 _aEncuentro de Investigadores del Franquismo
_c(Sevilla.
_d1998.
_n3º)
_994
245 _aEl libertario Enrique Marco Nadal paradigma del luchador antifranquista
_c/Rafael Maestre Marin
600 0 _9259
_aMarco Nadal, Enrique
650 0 _9110
_aOposición al franquismo
773 _tActas del III Encuentro de Investigadores del Franquismo
_g435-449 p.
856 _uhttps://bibliotecaccoocyl.fundacionjesuspereda.es/cgi-bin/koha/opac-retrieve-file.pl?id=462e83a5d42ac6bb2ca7a7f2417091e0
942 _2ddc
_cCF
_n0
999 _c100
_d100